Facultad de Odontología.  Biblioteca.  Nodo central                      



header.jpg
Vista normal Vista MARC
  • Barret De León, Anahí

Entrada Nombre personal

Número de registros utilizados en: 1

001 - NÚMERO DE CONTROL

  • campo de control: 10940

003 - IDENTIFICADOR DE NÚMERO DE CONTROL

  • campo de control: gtgcusco

005 - FECHA Y HORA DE LA ÚLTIMA TRANSACCIÓN

  • campo de control: 20250122105355.0

008 - ELEMENTOS DE DATO DE LONGITUD-FIJA

  • campo de control de longitud fija: 250122|| aca||aabn | a|a d

040 ## - FUENTE DE CATALOGACIÓN

  • Centro catalogador/agencia de origen: gtgcusco
  • Centro/agencia transcriptor: gtgcusco

100 ## - ENCABEZAMIENTO-NOMBRE DE PERSONA

  • Nombre de persona: Barret De León, Anahí

670 ## - FUENTE DE DATOS ENCONTRADOS

  • Cita de la fuente: Work cat.: (gtgcusco)4292: Zuleta Mejía, Sergio José 10938, Estudio para determinar el desempeño académico y clínico, así como las enfermedades ocupacionales que podrían padecer los estudiantes zurdos de la Fac. de Odontología de la USAC desenvolviéndose dentro de un ambiente diseñado para diestros (el derecho de ser odontólogo zurdo)., 2008